000 00963nam a22001937a 4500
999 _c64054
_d64054
003 Ge_BSU
005 20260320122247.0
008 260316s1970 ge ||||| |||| 00| 0 geo d
041 _ageo
080 _a330.31 ბ-91
100 _aბრეგელი, ენოხ
_927148
245 _aსაზოგადოებრივი კაპიტალის კვლავწარმოება :
_bეკონომიური კრიზისები /
_cენოხ ბრეგელი.
264 _aთბილისი :
_bთბილ. უნ-ტის გამ-ბა,
_c1970.
300 _a158 გვ. ;
_b 21 სმ.
504 _aბიბლიოგრაფია შენიშვნებში.
653 _aსაზოგადოებრივი კაპიტალის კვლავწარმოება
653 _aეკონომიური კრიზისები
942 _2udc
_cᲬᲘᲒᲜᲘ